| 000 | 01283nam a22003978a 4500 | ||
|---|---|---|---|
| 001 | BK0009152503 | ||
| 003 | DLC | ||
| 005 | 20241220130437.0 | ||
| 008 | 101004s2011 nyu 000 1 eng | ||
| 010 | _a2010041204 | ||
| 020 |
_a9780312364427 : HRD _c$27.99 |
||
| 020 |
_a0312364423 : HRD _c$27.99 |
||
| 037 |
_bSt Martins Pr, C/O Mps 16365 James Madison Hwy Us Hwy 15, Gordonsville, VA, USA, 22942, (212)6745151 _nSAN 631-5011 |
||
| 040 |
_aDLC _cDLC |
||
| 050 | 0 | 0 |
_aPS3558.A4763 _bN54 2011 |
| 082 | 0 | 0 |
_a813/.54 _222 |
| 092 | _a813.5400 | ||
| 092 | _aHANNAH | ||
| 100 | 1 |
_aHannah, Kristin. _939474 |
|
| 245 | 1 | 0 |
_aNight road / _cKristin Hannah. |
| 250 | _a1st ed. | ||
| 260 |
_aNew York : _bSt. Martin's Press, _c2011. |
||
| 263 | _a1104 | ||
| 300 | _a400 | ||
| 650 | 0 |
_aStay-at-home mothers _vFiction. _95713599 |
|
| 650 | 0 |
_aFoster mothers _vFiction. _95713600 |
|
| 650 | 0 |
_aBiological children of foster parents _vFiction. _95713601 |
|
| 650 | 0 |
_aFoster children _vFiction. _95695130 |
|
| 650 | 0 |
_aTeenagers _vFiction. _95673851 |
|
| 650 | 0 |
_aLife change events _vFiction. _95674438 |
|
| 650 | 0 |
_aMotherhood _vFiction. _95676094 |
|
| 655 | 0 |
_aDomestic fiction. _96218863 |
|
| 655 | 0 |
_aPsychological fiction. _95673631 |
|
| 942 |
_cBOOK _0133 |
||
| 998 | _aa141439 | ||
| 999 |
_c75383 _d75383 |
||